Statistiques concernant Lieux par lettre - B

Cliquez ici pour prendre le quiz!

Statistiques générales

  • Ce quiz a été pris 947 fois
  • Le résultat moyen est 11 sur 22

Statistiques - réponses

IndiceLieu% Correct
Capitale du BrésilBrasilia
98%
Ville mésopotamienne aux jardins suspendusBabylone
92%
Capitale de la CatalogneBarcelone
85%
Pays de René Magritte et d'Hercule PoirotBelgique
83%
Résidence officielle des monarques britanniquesPalais de {Buckingham}
81%
Où naquit JésusBethléem
68%
Ville biblique célèbre pour sa haute tourBabel
62%
Artère New-Yorkaise, célèbre pour ses théâtres et défilésBroadway
57%
Land accueillant l'OktoberfestBavière
56%
Ville de la Tea Party de 1773Boston
50%
Île indonésienne ayant Denpasar pour capitaleBali
49%
Repaire secret de Bruce WayneBatcave
47%
Un des 4 camps romains encerclant le village d'AstérixBabaorum
43%
École de magie française qui participa au Tournoi
des Trois Sorciers
Beauxbâtons
41%
Capitale de l'Allemagne de l'Ouest de 1949 à 1990Bonn
40%
Ancienne province française dont Pau est la capitaleBéarn
34%
Ville française surnommée "La cité du Ponant"Brest
34%
Territoire britannique d'outre-mer au large de
la côte est des États-Unis
Les {Bermudes}
34%
Atoll marshallais qui fut le théâtre d'essais nucléaires
américains à partir de 1946
Bikini
23%
Île de l'archipel de la Société, en Polynésie françaiseBora-Bora
20%
Pays des Balkans créé par Hergé, dont la capitale est SzohôdBordurie
13%
Plus grande île canadienneBaffin
10%

Distribution des résultats

Percentile par nombre de réponses

% des personnes avec chaque résultat

Votre développement - résultats

Vous n’avez pas pris ce quiz